University Home | Library Home | Institutional Repository

Respiratory therapist manual / (Record no. 56124)

MARC details
000 -LEADER
fixed length control field 00773cam0a220025300 4500
001 - CONTROL NUMBER
control field lce00990102
008 - FIXED-LENGTH DATA ELEMENTS--GENERAL INFORMATION
fixed length control field 750401s1975 inua 001 0 eng
010 ## - LIBRARY OF CONGRESS CONTROL NUMBER
LC control number 74079838 //r81
035 ## - SYSTEM CONTROL NUMBER
System control number (Sirsi) r68262
035 ## - SYSTEM CONTROL NUMBER
System control number (DLC) 74079838 //r81
035 ## - SYSTEM CONTROL NUMBER
System control number (UPRA)lce00990102
040 ## - CATALOGING SOURCE
Modifying agency UPRA
050 0# - LIBRARY OF CONGRESS CALL NUMBER
Classification number RM161
Item number .P56
082 ## - DEWEY DECIMAL CLASSIFICATION NUMBER
Classification number 615/.836
100 1# - MAIN ENTRY--PERSONAL NAME
Personal name Pincus, Stanley.
Linkage A29272.1
245 10 - TITLE STATEMENT
Title Respiratory therapist manual /
Statement of responsibility, etc. Stanley Pincus ; consultant/reviewer, Edward D. Michaelson.
250 ## - EDITION STATEMENT
Edition statement 1st ed.
260 ## - PUBLICATION, DISTRIBUTION, ETC.
Place of publication, distribution, etc. Indianapolis :
Name of publisher, distributor, etc. Bobbs-Merrill,
Date of publication, distribution, etc. 1975.
490 0# - SERIES STATEMENT
Series statement Allied health series
Linkage S4732.1
500 ## - GENERAL NOTE
General note Includes index.
650 #0 - SUBJECT ADDED ENTRY--TOPICAL TERM
Topical term or geographic name entry element Respiratory therapy.
Linkage S141.1
949 ## - LOCAL PROCESSING INFORMATION (OCLC)
a RM161
w LC
i -91574
m MEDICAL
t BOOK
l ON-SHELF

No items available.

© 2026 - The University of Zambia Library - Koha v25.11